00756nam a2200241 a 4500001001300000003000900013005001700022008004100039020002600080082001300106100001900119245008000138260003600218300000900254500003500263505002400298650001300322700001900335902000800354942000700362952012800369999001700497nice12345678IN_TiNIC20260116015024.0050524s2000 kena grp 000 0 eng  a185424X c849.1500a200bBUR aBurnett, David aWorld of Spiritsb a Christian Perspective on Traditional and Folk Religion aKentbMonarch Publicationc2000 a287p aincludes index and biblioraphy2 aBibliography, Index aReligion1 aBurnett, David bSRS cBK 001040708StackRoom-aHMIbHMId2008-02-21g849.15l2o200 BURp11001648r2024-07-23s2024-07-16v849.15w2005-05-24yBK c17986d17986